000 00409nmm a2200157Ia 4500
008 251105s9999||||xx |||||||||||||||||und||
041 _aspa
100 _aThayne, Raeanne
245 0 _aUn refugio para amar
264 _a[Madrid, España] :
_bHarlequin,
_c2011
300 _a192 páginas
490 _aJulia
650 _aRomance
856 _uhttps://public.digitaliapublishing.com/a/50042
942 _cCF
999 _c99656
_d99656